=LDR 00000nam 2200000 4500 =001 INLIS000000000042483 =005 20131008015257 =008 ***********************************ind** =035 ##$$0010-101300000000405 =041 ##$$a ind =082 ##$$a 617.024 =090 ##$$a 617.024, Sum b =100 ##$$a Sumiardi Karakata =245 ##$$a Bedah minar, Sumiardi karaka, Bog bachsinar; Editor, Jonatan oswari =260 ##$$a 1996 $b Jakarta =300 ##$$a Viii,187 hlm, Ilus, 21 cm =650 ##$$a BEDAH - MINOR =700 ##$$a Bob Bachsinar =850 ##$$a NBPNMAT